Viisi pienintä valtioita maanosittain - Statistics

Yleistilastot
  • Tätä visaa on pelattu 788 kertaa
  • Keskiarvotulos 23 / 30
Vastaustilastot
maanosa km2 valtio % Oikein
Eurooppa 0,44 Vatikaani
99%
Eurooppa 160 Liechtenstein
96%
Eurooppa 2,02 Monaco
96%
Eurooppa 61 San Marino
96%
Oseania 21 Nauru
86%
Eurooppa 316 Malta
85%
Oseania 26 Tuvalu
84%
Etelä-Amerikka 176 215 Uruguay
83%
Etelä-Amerikka 406 752 Paraguay
82%
Etelä-Amerikka 214 969 Guyana
81%
Etelä-Amerikka 163 820 Suriname
81%
Etelä-Amerikka 276 841 Ecuador
79%
Aasia 716 Singapore
79%
Afrikka 4 033 Kap Verde
77%
Oseania 459 Palau
77%
Aasia 5 765 Brunei
76%
Afrikka 452 Seychellit
75%
Pohjois-Amerikka 261 St. Kitts ja Nevis
75%
Afrikka 964 São Tomé ja Príncipe
74%
Pohjois-Amerikka 389 St. Vincent ja Grenadiinit
74%
Aasia 765 Bahrain
73%
Afrikka 1 862 Komorit
71%
Oseania 181 Marshallinsaaret
71%
Pohjois-Amerikka 430 Barbados
70%
Pohjois-Amerikka 344 Grenada
70%
Afrikka 2 040 Mauritius
70%
Oseania 702 Mikronesia
70%
Pohjois-Amerikka 442 Antigua ja Barbuda
69%
Aasia 300 Malediivit
62%
Aasia 9 251 Kypros
49%
Ehtoja vastaavia visoja ei löytynyt
Tulosjakauma
Jokaisen tuloksen saaneiden osuus
Persentiili vastausten määrän mukaan
Tuloshistoriasi
Et ole pelannut tätä visaa